000 01636cam a22005054i 4500
003 PE-LiUPU
005 20250731173116.0
008 190606s1995 inua r 000 0 eng d
020 _a0931464935
020 _a9780931464935
035 _a(Sirsi) a252232
040 _aPE-LiUPU
_bspa
_cPE-LiUPU
_erda
049 _aPRUA
082 0 4 _a221.066
_bS7
_220
245 0 0 _aSolving riddles and untying knots :
_bbiblical, epigraphic, and Semitic studies in honor of Jonas C. Greenfield /
_cedited by Ziony Zevit, Seymour Gitin, Michael Sokoloff.
264 1 _aWinona Lake, Ind. :
_bEisenbrauns,
_c1995.
300 _axxxiv, 668 páginas :
_bilustraciones ;
_c24 centímetros
336 _atext
_2rdacontent
337 _aunmediated
_2rdamedia
338 _avolume
_2rdacarrier
505 0 _aBible -- Epigraphy -- Semitics.
526 _aSEG42
526 _aSEG41
526 _aSEG40
526 _aSEG39
526 _aP94
526 _aP87
526 _aP86
526 _aP85
526 _aP77
526 _aP76
526 _aP35
650 0 4 _aFilología semítica.
650 0 4 _aInscripciones, semitas.
700 1 _aZevit, Ziony,
_eeditor.
700 1 _aGitin, Seymour,
_eeditor.
700 1 _aSokoloff, Michael,
_eeditor.
910 _adbm
_bncf
_cncf
_d20190606
942 _2ddc
_cBOOK
994 _aC0
_bPEPRU
598 _aCATALOGING
596 _a1
999 _a221.066 S7
_wDEWEY
_c31475
_i43142
_f2021-11-9
_g3
_lCCODEBUL1
_mBUL
_p39.60
_r0
_sY
_tBOOK
_u2019-6-6
_xTEOLOGIA
_PP35
_0COMPRA
_o.STAFF. Colección Teología
_d31475
980 _81
_gALBERTO SANCHEZ Responsable de Automatización